Republic of apples, democracy of oranges : New eco-poetry from China and the United States
Uloženo v:
| Médium: | Kniha |
|---|---|
| Jazyk: | Undetermined |
| Vydáno: |
Honolulu
University of Hawaii Press
2019
|
| Témata: | |
| Tagy: |
Přidat tag
Žádné tagy, Buďte první, kdo otaguje tento záznam!
|
| Thư viện lưu trữ: | Trung tâm Học liệu Trường Đại học Cần Thơ |
|---|
| LEADER | 00603nam a2200181Ia 4500 | ||
|---|---|---|---|
| 001 | CTU_237161 | ||
| 008 | 210402s9999 xx 000 0 und d | ||
| 082 | |a 895.11 | ||
| 082 | |b R426 | ||
| 245 | 0 | |a Republic of apples, democracy of oranges : | |
| 245 | 0 | |b New eco-poetry from China and the United States | |
| 245 | 0 | |c Frank Stewart (series editor) ; Tony Barnstone, Ming Di (guest editors) | |
| 260 | |a Honolulu | ||
| 260 | |b University of Hawaii Press | ||
| 260 | |c 2019 | ||
| 650 | |a Thơ Trung Quốc,Chinese poetry | ||
| 910 | |b nthai | ||
| 980 | |a Trung tâm Học liệu Trường Đại học Cần Thơ | ||